| 000 | 00371nam a2200121Ia 4500 | ||
|---|---|---|---|
| 008 | 210430s9999 xx 000 0 und d | ||
| 082 | _a808 B152 P | ||
| 100 |
_aEdward P.Bailey ,JR _954031 |
||
| 245 |
_aPlan English at Work A Guide to Writing and Speaking _cEdward P.Bailey ,JR |
||
| 260 |
_aNew york _bOxford University Press _c1996 |
||
| 300 | _a286p | ||
| 942 |
_cBK _2ddc |
||
| 999 |
_c564481 _d564481 |
||